Computing fundamentals with C++ object oriented programming and design / (Record no. 2434)

MARC details
000 -LEADER
fixed length control field 00721cam a22002292 4500
001 - CONTROL NUMBER
control field 0000004078
005 - DATE AND TIME OF LATEST TRANSACTION
control field 20151217145752.0
008 - FIXED-LENGTH DATA ELEMENTS--GENERAL INFORMATION
fixed length control field 070518s xx 000 0 eng d
020 ## - INTERNATIONAL STANDARD BOOK NUMBER
Terms of availability KES 4,200
040 ## - CATALOGING SOURCE
Original cataloging agency KABU
Transcribing agency KABU
050 #0 - LIBRARY OF CONGRESS CALL NUMBER
Classification number QA76.73
Item number .C153M47 2000
100 1# - MAIN ENTRY--PERSONAL NAME
Personal name Mercer, Rick.
-- 0000154439
245 10 - TITLE STATEMENT
Title Computing fundamentals with C++ object oriented programming and design /
Statement of responsibility, etc. Rick Mercer.
250 ## - EDITION STATEMENT
Edition statement 2nd ed.
260 ## - PUBLICATION, DISTRIBUTION, ETC. (IMPRINT)
Place of publication, distribution, etc. Houndsmills :
Name of publisher, distributor, etc. Macmillan,
Date of publication, distribution, etc. 2000.
300 ## - PHYSICAL DESCRIPTION
Extent xvii, 815 p.
650 #0 - SUBJECT ADDED ENTRY--TOPICAL TERM
Topical term or geographic name as entry element Computer
General subdivision Programming.
-- 0000154440
908 ## - PUT COMMAND PARAMETER (RLIN)
Put command parameter 070518
950 ## - LOCAL HOLDINGS (RLIN)
-- 1
Holdings
Withdrawn status Lost status Source of classification or shelving scheme Not for loan Home library Current library Date acquired Total Checkouts Full call number Barcode Date last seen Date last checked out Price effective from Koha item type Checked out
    Library of Congress Classification   Kabarak, Main Campus Kabarak, Main Campus 17/12/2015 1 QA76.73 .C153M47 2000 c. 1 004163 06/02/2023 23/01/2023 17/12/2015 General Collection  
    Library of Congress Classification   Kabarak, Main Campus Kabarak, Main Campus 17/12/2015 6 QA76.73 .C153M47 2000 c. 2 004164 02/03/2026 02/03/2026 17/12/2015 General Collection 18/03/2026
Designed with assistance from East African Informatics Ltd